000 00351nam a2200145 i 4500
001 bg
100 1 _aPALUSZKIEWICZ, Beata
245 0 _aWord Perfect 5.0 /
_cB. Paluszkiewicz, J. Siennicki.
260 _aWarszawa,
_c1990.
700 1 _aSIENNICKI, Jerzy
040 _cBPK
041 _apol
942 _cKS
008 s pl f |000 0 pol
999 _c4107
_d4107
856 _uhttp://koha.tu.koszalin.pl/cgi-bin/koha/opac-detail.pl?biblionumber=4107
_yKatalog online BPK